000 00318nam a2200133Ia 4500
005 20251222155144.0
008 251222s9999||||xx |||||||||||||| ||spa||
082 _aPED. 17.3
100 _aUniv.Cayetano H.
245 0 _aMovilización Social y Comunicación
250 _a1ra. ed.
264 _bLatina
942 _cLIB
999 _c39312
_d39312